000 007710000a22002290004500
003 LK-CoMWRAF
005 20231109111434.0
008 230817t2003 ||||| |||| 00| 0 eng d
020 _a075093168X
040 _aLK-CoMWRAF
_dLK-CoMWRAF
_eLK-CoMWRAF
041 _aeng
082 _a940.412
_bBET
100 _aBet-el, Ilana
245 _aConscripts:
_bforgotten men of the great war
260 _aGloucestershire:
_bSutton Publishing Limited,
_c1999
300 _axiv, 242 p. : ill. ; 24 cm.
_bBibliography and index included
650 _a Great Britain. Army--Recruiting, enlistment,
650 _a Great Britain. Army--History--World War,
650 _a World War, -Personal narratives, British.
650 _a World War,-Campaigns--Western Front.
942 _cBK
999 _c2175
_d2175